The prettiest gargoyle /

Unhappy at being in Paris where everyone else in the family is involved in special projects, a thirteen-year-old American boy decides to quit school and become an authority on gargoyles.

Bibliographic Details
Main Author: Corbin, William
Format: Book
Language:English
Published: New York : Coward, McCann & Geoghegan, [1971]
Subjects:

MARC

Tag First Indicator Second Indicator Subfields
LEADER 00000cam a2200000 a 4500
001 in00000076625
005 20151008053728.0
008 711220s1971 nyu j 00011 engm
010 |a  70159757  
035 |a (OCoLC)00216617 
035 |9 AAH8443AM 
040 |a DLC  |c DLC  |d TXA  |d UtOrBLW 
049 |a [Curr Col] TXAM  |c [1406716] 
050 0 0 |a PZ7.M1697  |b Pr 
082 0 |a [Fic] 
100 1 |a Corbin, William. 
245 1 4 |a The prettiest gargoyle /  |c by William Corbin. 
264 1 |a New York :  |b Coward, McCann & Geoghegan,  |c [1971] 
264 4 |c ©1971 
300 |a 242 pages ;  |c 22 cm. 
336 |a text  |b txt  |2 rdacontent 
337 |a unmediated  |b n  |2 rdamedia 
338 |a volume  |b nc  |2 rdacarrier 
520 |a Unhappy at being in Paris where everyone else in the family is involved in special projects, a thirteen-year-old American boy decides to quit school and become an authority on gargoyles. 
651 1 |a Paris (France)  |x Fiction. 
999 |a MARS 
999 f f |s 589e5752-ea4d-31e5-ad4c-e387a7c44d80  |i 9bbc54bc-f663-3f72-a5fd-17aab1772e59  |t 0 
952 f f |p ric  |a Texas A&M University  |b Rellis Campus  |c Joint Library Facility  |d Remote Storage  |t 0  |e PZ7.M1697 Pr  |h Library of Congress classification  |i unmediated -- volume  |m A14806055149 
998 f f |a PZ7.M1697 Pr  |t 0  |l Remote Storage